000 00327nam a22001337a 4500
008 260619b |||||||| |||| 00| 0 eng d
100 _aFERRAO JORGE
245 _aMamiferos uma seleccao da nossa fauna
250 _a1ed
260 _aMaputo
_bTexto Editora
_c2010
300 _a128p
650 _amamiferos
942 _2udc
_cBK
999 _c56438
_d56437